La alternativa democrática

Saved in:
Bibliographic Details
Main Author: Aylwin Azócar, Patricio, 1918-2016 (Author)
Format: Book
Language:Spanish
Published: Santiago Andante 1984
Subjects:
Tags: Add Tag
No Tags, Be the first to tag this record!

MARC

LEADER 00000cam a2200000 a 4500
001 UCB0109
003 CL-VaPUC
005 20241004095827.0
008 191213e19840000cl spa d
082 0 4 |a 321.8  |b AYL  |2 21 
100 |a Aylwin Azócar, Patricio,  |d 1918-2016  |e author  |9 368860 
245 1 3 |a La alternativa democrática 
260 |a Santiago  |b Andante  |c 1984 
300 |a 64 p 
583 |a last modification  |c 20191213 11:48:00  |k Rodrigo Vera 
650 0 0 |a Democracia  |9 255256 
650 0 7 |a FILOSOFIA POLITICA  |2 CL-VaPUC  |9 605424 
942 |c BK 
945 |a cmena  |d 20191213 11:48:00 
999 |c 376331  |d 376329 
952 |0 0  |1 0  |3 erb  |4 0  |6 321_800000000000000_AYL_1984  |7 0  |8 A  |9 495708  |a BIBDER  |b BIBDER  |e Precht Pizarro, Jorge Enrique  |i 5609585  |o 321.8 AYL 1984  |p 5609585  |r 2023-01-25  |w 2020-01-06  |y BK  |z Catalogado en:20191213  |k DER